Countries from 'C' by Desserts - Statistics

General Stats
  • This quiz has been taken 13 times
  • The average score is 9 of 15
Answer Stats
Picture Answer % Correct
Canada
83%
China
75%
Chile
67%
Cambodia
58%
Cape Verde
58%
Colombia
58%
Comoros
58%
Croatia
58%
Cuba
58%
Cyprus
58%
Czech Republic
58%
Cameroon
50%
Central African Republic
50%
Chad
50%
Costa Rica
50%
No matching quizzes found
Score Distribution
Percent of People with Each Score
Percentile by Number Answered
Your Score History
You have not taken this quiz